| 000 | 00453nam a22001577a 4500 | ||
|---|---|---|---|
| 003 | OSt | ||
| 005 | 20151117134442.0 | ||
| 008 | 151117b xxu||||| |||| 00| 0 eng d | ||
| 040 | _cRUA | ||
| 082 | _aFIS ចាន់ 1990 B144 Or.1 | ||
| 100 |
_93776 _aចាន់ តារា |
||
| 245 | _aប្រភេទត្រីសមុទ្រកម្ពុជា | ||
| 260 |
_aPhnom Penh _bRUA _c1990 |
||
| 300 |
_a92p. _bill. _c29cm. |
||
| 942 |
_2ddc _cFIS |
||
| 999 |
_c3513 _d3513 |
||